Hunger Games - Affiches des films - Statistiques

Statistiques générales
  • Ce quiz a été pris 178 fois
  • Le résultat moyen est 4 sur 5
Statistiques - réponses
Par images Réponse % Correct
Hunger Games
93%
Hunger Games : L'embrasement
85%
Hunger Games : la Révolte partie 1
79%
Hunger Games : la Révolte partie 2
79%
Hunger Games : la Ballade du Serpent et de l'Oiseau Chanteur
73%
Aucun quiz correspondant
Distribution des résultats
% des personnes avec chaque résultat
Percentile par nombre de réponses
Votre historique - résultats
Vous n’avez pas pris ce quiz